Indian Constitution political system and rights issues: (Record no. 182073)

MARC details
000 -LEADER
fixed length control field 00668nam a22001817a 4500
005 - DATE AND TIME OF LATEST TRANSACTION
control field 20221017142334.0
010 ## - LCCN (DPL NO)
LC control number B-745985
020 ## - INTERNATIONAL STANDARD BOOK NUMBER
International Standard Book Number 9788193966976
Terms of availability 350.00
037 ## - SOURCE OF ACQUISITION
Source of stock number/acquisition Oak Bridge
082 ## - DEWEY DECIMAL CLASSIFICATION NUMBER
Classification number 342.54
245 ## - TITLE STATEMENT
Title Indian Constitution political system and rights issues:
Remainder of title for civil services preliminary examination /
Statement of responsibility, etc byOakBridge
260 ## - PUBLICATION, DISTRIBUTION, ETC. (IMPRINT)
Place of publication, distribution, etc Haryana
Name of publisher, distributor, etc OakBridge publishing pvt. Ltd
Date of publication, distribution, etc 2019
270 ## - ADDRESS
Address M 35, Ist Floor, Old DLF Gurugram
City Haryana
Postal code 122001
300 ## - PHYSICAL DESCRIPTION
Extent 351p
Dimensions 23cm(pbk)
500 ## - GENERAL NOTE
General note General Studies Series Part 3
942 ## - ADDED ENTRY ELEMENTS (KOHA)
Source of classification or shelving scheme Dewey Decimal Classification
Item type English Books
Call number suffix IND
Classification part 342.54
Holdings
Withdrawn status Lost status Not for loan Collection code Home library Current library Date acquired Source of acquisition Cost, normal purchase price Full call number Barcode Copy number Cost, replacement price Koha item type Public note
      Non-fiction Kadipur Kadipur 17/10/2022 6.10.22/Gift 350.00 342.54 IND B-745985 1 350.00 English Books Gift

© Delhi Public Library
Hit Counter
free hit counter